It looks like you're offline.
Open Library logo
additional options menu

MARC Record from Scriblio

Record ID marc_records_scriblio_net/part16.dat:32069168:1163
Source Scriblio
Download Link /show-records/marc_records_scriblio_net/part16.dat:32069168:1163?format=raw

LEADER: 01163cam 2200265 a 4500
001 82171945 //r88
003 DLC
005 19880502000000.0
008 830519s1981 enk bc 00100 eng
010 $a 82171945 //r88
020 $a0901299286 (pbk.) :$c£8.00 (£7.00 to BUFC members)
043 $ae-uk---
050 0 $aLB1043.2.G7$bZ913 1981
082 0 $a016.378/173/0941$219
245 00 $aAudio-visual materials for higher education, 1981-82 /$ceditor, James Ballantyne.
250 $aUpdate ed.
260 0 $aLondon :$bBritish Universities Film Council,$cc1981.
300 $axx, 110 p. ;$c30 cm.
500 $a"This particular edition updates the four-part edition published in October 1979 and adds over 500 titles to the 3,000 or so which were listed there. We hope to produce a cumulative edition in 1983"--foreword.
504 $aIncludes bibliographies and indexes.
650 0 $aAudio-visual materials$zGreat Britain$xCatalogs.
650 0 $aEducation, Higher$zGreat Britain$xAudio-visual aids$xCatalogs.
650 0 $aMotion pictures in higher education$zGreat Britain.
700 10 $aBallantyne, James.
710 20 $aBritish Universities Film Council.